| 000 | 00842nam a2200265u 4500 | ||
|---|---|---|---|
| 001 | 86525 | ||
| 003 | BD-RjUL | ||
| 005 | 20260521110448.0 | ||
| 008 | 260521r19751952enk 001 0ceng d | ||
| 020 | _a0904000052 | ||
| 035 | _a(BD-RjUL)86525 | ||
| 040 |
_aDLC _cCarP _dDLC _dBD-RjUL _beng |
||
| 041 | _aeng | ||
| 082 | 0 | 0 |
_220 _a843.9 _bREA 1975 |
| 245 | 1 | 2 |
_aA reader's handbook to Proust : _ban index guide to Remembrance of things past / _cCompiled by P. A. Spalding. |
| 250 |
_aRevised ed. / _b[by] R. H. Cortie. |
||
| 260 |
_aLondon : _b George Prior Publishers, _c1975 |
||
| 300 |
_axii, 303 p. ; _c19 cm. |
||
| 504 | _aIncludes index. | ||
| 600 | 1 | 0 |
_aProust, Marcel, _d1871-1922. _918559 |
| 600 | 1 | 0 |
_aProust, Marcel, _d1871-1922 _918559 |
| 700 | 1 |
_aSpalding, P. A. , _918560 |
|
| 700 | 1 |
_aCortie, R. H. _918561 |
|
| 942 |
_2ddc _cBK |
||
| 999 |
_c86525 _d86525 |
||